000 00672nam a2200193Ia 4500
003 GCL
005 20240530102500.0
008 140319s9999 xx 000 0 ara d
040 _aGCL /
_cGCL
082 0 4 _a810.9
_bف م
100 1 _aفتحى احمد عامر
245 1 0 _aمن قضايا التراث العربى: دراسة نصية نقدية تحليلية مقارنة النقد والناقد /
_cفتحى احمد عامر
260 _a[S.N] :
_bمنشاة المعارف الاسلامية ،
_c1985
300 _a436 ص
650 0 4 _aالشعر العربى
650 0 4 _aالادب العربى
650 0 4 _aتاريخ ونقد
942 _2ddc
_cBK
999 _c32564
_d32564